000 00918nam0a22002771 4500
001 rc\2363983
005 20250623052859.0
035 _a(NLR Aleph) 006596616
090 _a7203220
_c7203220
100 _a20110829d1976 |||y0rusy50 ca
101 1 _arus
_ckaz
102 _aRU
105 _ay z |||a|
200 1 _aКлюч
_eстихи
_fТурсыхан Абдрахманова
_gПер. с каз. Т. Кузовлевой
210 _aАлма-Ата
_cЖазушы
_d1976
215 _a151 с.
_d17
700 1 _aАбдрахманова
_bТ.
_f1921-2003
_gТурсынхан
702 1 _4730
_aКузовлева
_bТ. В.
_f1939-
_gТатьяна Витальевна
_9136276
_3RU\NLR\AUTH\770136311
801 0 _aRU
_bNLR
_gpsbo
801 1 _aRU
_bELAR
_2rusmarc
852 _aNLR
_j77-2/668
899 _aRuMoRGB
_jБ 76-43/567
899 _aRuMoRGB
_jБ 76-43/568
942 _cBOOK
980 _aNB